000 00680nam a2200229Ia 4500
003 OSt
005 20220923223339.0
006 a|||||r|||| 00| 0
007 ta
008 220922b |||||||| |||| 00| 0 hin d
024 _a213,741
037 _cTextual
040 _aARTS
_cARTS
_bhin
041 _2hin
_ahin
082 _aO152,3M90,DL, L4.3
100 _aगुरुदत्त
_9156277
245 0 _aदो लहरों की टक्कर
246 _aDo laharoan kī ṭakkara
650 _aहिन्दी साहित्य
_9156264
942 _hO152,3M90,DL, L4.3
_cTEXL
_2CC
999 _c363949
_d363949